Vybrané právne dokumenty z oblasti mierového využitia jadrovej energie Všeobecne záväzné právne predpisy

Uložené v:
Podrobná bibliografia
Médium: Kniha
Jazyk:Slovak
Vydavateľské údaje: Bratislava Úrad jadrového dozoru Slovenskej republiky 1995
Vydanie:1. vyd.
Predmet:
Tagy: Pridať tag
Žiadne tagy, Buďte prvý, kto otaguje tento záznam!

MARC

LEADER 00000nam a2200000 4500
001 c010764
005 20221214072300.3
020 |a 80-88806-00-3 
041 0 |a slo 
044 |a SK 
245 1 0 |a Vybrané právne dokumenty z oblasti mierového využitia jadrovej energie  |b Všeobecne záväzné právne predpisy 
250 |a 1. vyd. 
264 1 |a Bratislava  |b Úrad jadrového dozoru Slovenskej republiky  |c 1995 
300 |a 156 s. 
610 2 0 |a energia atómová 
610 2 0 |a právo atómové 
610 2 0 |a politika mierová 
610 2 0 |a predpisy právne 
610 2 0 |a Slovensko